[Event "DEM U16w 2011"]
[Site "Oberhof GER"]
[Date "2011.06.16"]
[Round "7"]
[White "Stolcz, Bianca"]
[Black "Lange, Anika"]
[Result "1/2-1/2"]
[Termination "normal"]
[Board "10"]
[WhiteElo "1632"]
[BlackElo "1637"]
[PlyCount "96"]
[WhiteFideId "24654914"]
[BlackFideId "24693405"]
[EventCountry "GER"]
[EventRounds "9"]
[EventType "swiss"]
[EventDate "2011.06.11"]

1. e4 c5 2. Nc3 Nc6 3. g3 e6 4. Bg2 d6 5. Nge2 g6 6. O-O Bg7 7. d3 Nge7 8. f4
O-O 9. h3 d5 10. e5 a6 11. g4 f6 12. exf6 Bxf6 13. Ng3 Kh8 14. Nce2 Bg7 15. h4
e5 16. Bf3 exf4 17. Nxf4 Ne5 18. Be2 Qd7 19. g5 Nf5 20. Nxf5 Rxf5 21. Bg4 Nxg4
22. Qxg4 Bd4+ 23. Kg2 Rf7 24. Qxd7 Rxd7 25. Ne6 Bg7 26. b4 b6 27. Bb2 d4 28.
bxc5 bxc5 29. Nxc5 Rc7 30. Ba3 Bf5 31. Rf2 Rac8 32. Kh1 Rxc5 33. Bxc5 Rxc5 34.
Rb1 Be5 35. Re2 Be6 36. Rbe1 Bg3 37. Rxe6 Bxe1 38. Rxe1 Rxc2 39. Re4 Rxa2 40.
Rxd4 Ra1+ 41. Kg2 a5 42. Rd8+ Kg7 43. Rd7+ Kg8 44. d4 a4 45. d5 a3 46. d6 a2
47. Ra7 Rd1 48. Rxa2 Rxd6 1/2-1/2

[Event "DEM U16w 2011"]
[Site "Oberhof GER"]
[Date "2011.06.16"]
[Round "7"]
[White "Schäfer, Ann-Kathrin"]
[Black "Rahimi, Rozafa"]
[Result "1-0"]
[Termination "normal"]
[Board "12"]
[WhiteElo "1623"]
[BlackElo "1530"]
[PlyCount "71"]
[WhiteFideId "24615412"]
[BlackFideId "24692280"]
[EventCountry "GER"]
[EventRounds "9"]
[EventType "swiss"]
[EventDate "2011.06.11"]

1. e4 c5 2. d4 cxd4 3. c3 dxc3 4. Nxc3 Nc6 5. Nf3 e6 6. Bc4 a6 7. O-O Nge7 8.
Bf4 Ng6 9. Bg3 d6 10. Qe2 Be7 11. Rfd1 Qc7 12. Rac1 O-O 13. Qd2 Rd8 14. Ne2 Qb8
15. Nf4 Nge5 16. Be2 Nxf3+ 17. Bxf3 h6 18. Rc3 Bd7 19. Bh5 Be8 20. Qc2 Bf6 21.
Re3 Nd4 22. Qd2 e5 23. Nd5 Bg5 24. f4 exf4 25. Bxf4 Bxf4 26. Nxf4 Nc6 27. Rd3
g6 28. Bg4 Ne5 29. Rg3 Nxg4 30. Rxg4 Bc6 31. Nxg6 Kh7 32. Rh4 fxg6 33. Qxh6+
Kg8 34. Qh7+ Kf8 35. Rf1+ Ke8 36. Qf7# 1-0

[Event "DEM U16w 2011"]
[Site "Oberhof GER"]
[Date "2011.06.16"]
[Round "7"]
[White "Freis, Katrin"]
[Black "Tobianski, Karina"]
[Result "1/2-1/2"]
[Termination "normal"]
[Board "13"]
[WhiteElo "1379"]
[BlackElo "1262"]
[PlyCount "121"]
[WhiteFideId "24655783"]
[BlackFideId "12937746"]
[EventCountry "GER"]
[EventRounds "9"]
[EventType "swiss"]
[EventDate "2011.06.11"]

1. e4 d5 2. exd5 Nf6 3. Nc3 Nxd5 4. Bc4 c6 5. Nxd5 cxd5 6. Bb3 Nc6 7. d4 Bf5 8.
Nf3 e6 9. O-O Bd6 10. Bg5 Qc7 11. Re1 h6 12. Bh4 g5 13. Bg3 Bxg3 14. hxg3 O-O-O
15. Rc1 Kb8 16. c4 Bg4 17. cxd5 exd5 18. Re5 Be6 19. Ba4 Rd6 20. Nd2 Qb6 21.
Bxc6 Rxc6 22. Rxc6 Qxc6 23. f4 gxf4 24. gxf4 Qd7 25. Nb3 b6 26. Qf1 Rg8 27. f5
Qa4 28. fxe6 fxe6 29. Rxe6 Qxa2 30. Qf4+ Ka8 31. Qf3 Rd8 32. Re5 Qb1+ 33. Kh2
Qh7 34. Rxd5 Qc7+ 35. Re5+ Kb8 36. Qf4 a5 37. Rf5 Qxf4+ 38. Rxf4 a4 39. Nd2 Ka7
40. Kh3 Rd5 41. Nc4 Rb5 42. Rh4 h5 43. Kg3 Rb4 44. d5 b5 45. Na3 Rxb2 46. Nxb5+
Rxb5 47. Rxa4+ Kb6 48. Rd4 Kc5 49. Rd1 Kd6 50. Kh4 Rb2 51. Kg3 Re2 52. Kf3 Re5
53. Kf4 Re2 54. g3 Re5 55. Rd3 Re7 56. Kg5 Rh7 57. Kg6 Rh8 58. Rf3 Kxd5 59. Kg7
Re8 60. Rf5+ Ke4 61. Rxh5 1/2-1/2

[Event "DEM U16w 2011"]
[Site "Oberhof GER"]
[Date "2011.06.17"]
[Round "8"]
[White "Polert, Annika"]
[Black "Klek, Hanna-Marie"]
[Result "0-1"]
[Termination "normal"]
[Board "1"]
[WhiteElo "1718"]
[BlackElo "2147"]
[PlyCount "78"]
[WhiteFideId "24692328"]
[BlackFideId "24670057"]
[EventCountry "GER"]
[EventRounds "9"]
[EventType "swiss"]
[EventDate "2011.06.11"]

1. g3 e5 2. Bg2 Nc6 3. d3 Bc5 4. Nf3 d6 5. c3 Bb6 6. Nbd2 Nf6 7. O-O O-O 8. Nc4
Qe7 9. Nxb6 axb6 10. Qc2 Nh5 11. e4 f5 12. exf5 Bxf5 13. Nh4 Be6 14. b3 Qd7 15.
Re1 Kh8 16. Be3 Bh3 17. Bh1 Nf6 18. Rad1 Ng4 19. d4 Nxe3 20. Rxe3 exd4 21. cxd4
d5 22. Qd2 Qd6 23. f4 Bg4 24. Rc1 Rfd8 25. Nf3 Bxf3 26. Bxf3 Re8 27. Rce1 Rxe3
28. Rxe3 Rf8 29. Qg2 Qa3 30. Re1 Qb4 31. Rd1 Nxd4 32. Bxd5 Qc5 33. Kh1 Nf5 34.
Rd3 Qc1+ 35. Qg1 Qb2 36. Be4 Nd6 37. Bf3 Qxa2 38. Qc1 Qf2 39. Qd1 Re8 0-1

[Event "DEM U16w 2011"]
[Site "Oberhof GER"]
[Date "2011.06.17"]
[Round "8"]
[White "Tran, My Linh"]
[Black "Schmalhorst, Sophia"]
[Result "1/2-1/2"]
[Termination "normal"]
[Board "2"]
[WhiteElo "1903"]
[BlackElo "1878"]
[PlyCount "83"]
[WhiteFideId "24682462"]
[BlackFideId "24682497"]
[EventCountry "GER"]
[EventRounds "9"]
[EventType "swiss"]
[EventDate "2011.06.11"]

1. e4 e5 2. Nf3 Nc6 3. Bc4 Bc5 4. c3 Nf6 5. d3 a6 6. Bb3 Ba7 7. h3 h6 8. Nbd2
d6 9. O-O O-O 10. Re1 Nh5 11. Nf1 Qf6 12. Ne3 Nf4 13. Nd5 Nxd5 14. exd5 Ne7 15.
d4 exd4 16. Nxd4 Nf5 17. Nxf5 Bxf5 18. Be3 Bxe3 19. Rxe3 Rfe8 20. Qf3 Rxe3 21.
Qxe3 Qg5 22. Qxg5 hxg5 23. Re1 Kf8 24. g4 Bh7 25. Kg2 Re8 26. Rxe8+ Kxe8 27.
Kg3 f6 28. Bc4 a5 29. Be2 Ke7 30. a3 Be4 31. c4 b6 32. h4 gxh4+ 33. Kxh4 g5+
34. Kg3 f5 35. f4 Kf6 36. b4 axb4 37. axb4 b5 38. c5 dxc5 39. bxc5 Bxd5 40.
Bxb5 gxf4+ 41. Kxf4 fxg4 42. Kxg4 1/2-1/2

[Event "DEM U16w 2011"]
[Site "Oberhof GER"]
[Date "2011.06.17"]
[Round "8"]
[White "Düssler, Stefanie"]
[Black "Pohl, Theresa"]
[Result "1-0"]
[Termination "normal"]
[Board "3"]
[WhiteElo "1905"]
[BlackElo "1870"]
[PlyCount "115"]
[WhiteFideId "4634780"]
[EventCountry "GER"]
[EventRounds "9"]
[EventType "swiss"]
[EventDate "2011.06.11"]

1. e4 e6 2. d4 d5 3. Nc3 Bb4 4. e5 c5 5. a3 Ba5 6. b4 cxd4 7. Nb5 Bc7 8. f4 Ne7
9. Nf3 Bd7 10. Nxc7+ Qxc7 11. Bb2 Nbc6 12. Bd3 O-O 13. O-O f6 14. Qe1 fxe5 15.
fxe5 Nf5 16. g4 Nh6 17. Qg3 Nf7 18. Rae1 a6 19. h4 Qd8 20. g5 g6 21. Nh2 Qc7
22. Ng4 Kg7 23. Nf6 Rac8 24. h5 Nfxe5 25. h6+ Kh8 26. Rxe5 Qxe5 27. Qxe5 Nxe5
28. Bxd4 Nc6 29. Nxd7+ Nxd4 30. Rxf8+ Rxf8 31. Nxf8 Nf3+ 32. Kg2 Nxg5 33. Nd7
Nf7 34. Nc5 Nd8 35. Kg3 Kg8 36. Kf4 Kf7 37. Nd7 Ke7 38. Ne5 Kf6 39. Nd7+ Ke7
40. Nc5 Kf6 41. c4 e5+ 42. Ke3 d4+ 43. Ke4 Nf7 44. Nxb7 Nxh6 45. c5 Nf7 46.
Bxa6 Ng5+ 47. Kd5 Ne6 48. Bc4 g5 49. Kd6 Ng7 50. c6 g4 51. Kd7 g3 52. c7 g2 53.
c8=Q g1=Q 54. Qf8+ Kg6 55. Bd3+ Kh5 56. Qf7+ Kh4 57. Qf6+ Kh3 58. Qh6+ 1-0

[Event "DEM U16w 2011"]
[Site "Oberhof GER"]
[Date "2011.06.17"]
[Round "8"]
[White "Schäfer, Daniela"]
[Black "Spiegelberg, Silvia"]
[Result "0-1"]
[Termination "normal"]
[Board "4"]
[WhiteElo "1946"]
[BlackElo "1799"]
[PlyCount "96"]
[WhiteFideId "4624769"]
[BlackFideId "24654450"]
[EventCountry "GER"]
[EventRounds "9"]
[EventType "swiss"]
[EventDate "2011.06.11"]

1. e4 e5 2. Nf3 Nc6 3. Bb5 a6 4. Ba4 Nf6 5. O-O Nxe4 6. Re1 Nc5 7. Bxc6 dxc6 8.
Nxe5 Be7 9. d3 O-O 10. Nc3 Bf5 11. Bd2 f6 12. Nc4 Re8 13. Qf3 Bg6 14. h4 Bf8
15. h5 Rxe1+ 16. Rxe1 Bf7 17. Ne3 Ne6 18. Nf5 Nd4 19. Nxd4 Qxd4 20. h6 g6 21.
Ne4 f5 22. Nc3 Re8 23. Rxe8 Bxe8 24. Nd1 Qd5 25. Qe3 Bf7 26. Bc3 Qc5 27. Qd2
Qe7 28. Qf4 Qd6 29. Qd2 f4 30. Qe2 Bxh6 31. Be5 Qe6 32. Nc3 Bg7 33. Bxg7 Qxe2
34. Nxe2 Kxg7 35. Nxf4 Bxa2 36. Kf1 Bb1 37. Ke2 Bxc2 38. Ne6+ Kf6 39. Nxc7 h5
40. Ke3 g5 41. Ne8+ Ke5 42. d4+ Kd5 43. Nf6+ Kc4 44. Nxh5 Kb3 45. f4 gxf4+ 46.
Nxf4 Kxb2 47. Nd3+ Kc3 48. Nc5 a5 0-1

[Event "DEM U16w 2011"]
[Site "Oberhof GER"]
[Date "2011.06.17"]
[Round "8"]
[White "Müller, Alexandra"]
[Black "Osmanodja, Filiz"]
[Result "0-1"]
[Termination "normal"]
[Board "5"]
[BlackTitle "FM"]
[WhiteElo "1696"]
[BlackElo "2027"]
[PlyCount "82"]
[WhiteFideId "24691496"]
[BlackFideId "24633569"]
[EventCountry "GER"]
[EventRounds "9"]
[EventType "swiss"]
[EventDate "2011.06.11"]

1. e4 c5 2. Nf3 Nc6 3. d4 cxd4 4. Nxd4 Nf6 5. Nc3 d6 6. Be3 e5 7. Nb3 Be6 8.
Be2 Be7 9. O-O O-O 10. f4 exf4 11. Bxf4 d5 12. exd5 Nxd5 13. Nxd5 Bxd5 14. c3
Qb6+ 15. Kh1 Rfd8 16. Qc1 Bf6 17. Nd2 Ne5 18. Bxe5 Bxe5 19. Nc4 Qa6 20. b3 Bc7
21. Rf2 b5 22. Ne3 Qd6 23. Nf1 Qc5 24. Qe3 Qxe3 25. Nxe3 Bb6 26. Nxd5 Bxf2 27.
Nc7 Rac8 28. Nxb5 a6 29. Na3 Rxc3 30. Nc4 Re8 31. Bf1 Re1 32. Rxe1 Bxe1 33. g3
Rc1 34. Kg1 Bc3 35. a3 a5 36. a4 Rb1 37. Nd6 Bb4 38. Ne4 Rxb3 39. Bc4 Rb1+ 40.
Kg2 Rc1 41. Bb3 h6 0-1

[Event "DEM U16w 2011"]
[Site "Oberhof GER"]
[Date "2011.06.17"]
[Round "8"]
[White "Kühnel, Lena"]
[Black "Rethmann, Kristin"]
[Result "0-1"]
[Termination "normal"]
[Board "6"]
[WhiteElo "1893"]
[BlackElo "1780"]
[PlyCount "52"]
[WhiteFideId "24640956"]
[BlackFideId "24655805"]
[EventCountry "GER"]
[EventRounds "9"]
[EventType "swiss"]
[EventDate "2011.06.11"]

1. d4 Nf6 2. c4 e6 3. Nc3 Bb4 4. Qc2 b6 5. Bg5 Bb7 6. f3 d5 7. e3 Nbd7 8. Bd3
c5 9. Nge2 Rc8 10. b3 cxd4 11. exd4 Ba6 12. cxd5 Bxd3 13. Qxd3 exd5 14. O-O Be7
15. Rfe1 O-O 16. Bf4 Nb8 17. Ng3 Bb4 18. Rac1 Re8 19. Rxe8+ Qxe8 20. Bg5 Rxc3
21. Rxc3 Qe1+ 22. Nf1 Qxc3 23. Qf5 Qxd4+ 24. Be3 Qc3 25. Qf4 Nbd7 26. Bd4 Qxd4+
0-1

[Event "DEM U16w 2011"]
[Site "Oberhof GER"]
[Date "2011.06.17"]
[Round "8"]
[White "Schätz, Bianca"]
[Black "Zeller, Elisa"]
[Result "1-0"]
[Termination "normal"]
[Board "7"]
[WhiteElo "1802"]
[BlackElo "1795"]
[PlyCount "105"]
[WhiteFideId "24655821"]
[BlackFideId "24662410"]
[EventCountry "GER"]
[EventRounds "9"]
[EventType "swiss"]
[EventDate "2011.06.11"]

1. d4 Nf6 2. c4 g6 3. Nc3 Bg7 4. e4 d6 5. f3 c6 6. Be3 Nbd7 7. Qd2 O-O 8. g4
Re8 9. Bh6 e5 10. Bxg7 Kxg7 11. d5 c5 12. h4 h5 13. gxh5 Nxh5 14. O-O-O Ndf6
15. Nge2 Qe7 16. Bh3 Bxh3 17. Rxh3 Qd7 18. Rdh1 Rh8 19. f4 exf4 20. Nxf4 Qg4
21. Nxh5+ Rxh5 22. Qe3 Rah8 23. Rg3 Rxh4 24. Rxg4 Nxg4 25. Rxh4 Nxe3 26. Rxh8
Kxh8 27. b3 a6 28. e5 Nf5 29. Ne4 Kg7 30. exd6 Kf8 31. d7 Ke7 32. Nxc5 Nd6 33.
Kd2 f5 34. Ke3 a5 35. Kf4 b6 36. Na4 b5 37. Nb6 bxc4 38. bxc4 Ne4 39. Ke5 Nc5
40. a4 Ne4 41. d6+ Kd8 42. Kd5 Nf6+ 43. Ke6 Ne4 44. Ke5 Nc5 45. Kd5 Ne4 46. c5
Nf6+ 47. Ke6 Ne4 48. c6 Nc5+ 49. Kd5 Nxd7 50. Nxd7 f4 51. Ne5 f3 52. c7+ Kc8
53. Kc6 1-0

[Event "DEM U16w 2011"]
[Site "Oberhof GER"]
[Date "2011.06.17"]
[Round "8"]
[White "Kuckling, Hannah"]
[Black "Spangenberg, Romy"]
[Result "1-0"]
[Termination "normal"]
[Board "8"]
[WhiteElo "1775"]
[BlackElo "1671"]
[PlyCount "55"]
[WhiteFideId "24603660"]
[BlackFideId "4627997"]
[EventCountry "GER"]
[EventRounds "9"]
[EventType "swiss"]
[EventDate "2011.06.11"]

1. e4 d5 2. exd5 Nf6 3. d4 Nxd5 4. Nf3 Bg4 5. Be2 e6 6. O-O Nc6 7. c4 Nb6 8.
Be3 Be7 9. Nbd2 O-O 10. Rc1 Bf5 11. a3 Bf6 12. Nb3 Qe7 13. Bd3 Bxd3 14. Qxd3
Rfd8 15. Qe2 Qe8 16. Rfd1 e5 17. d5 Ne7 18. Nc5 Rab8 19. Ne4 Ng6 20. Nxf6+ gxf6
21. Bh6 Nc8 22. Nd2 Nd6 23. Qf3 Qe7 24. c5 Ne8 25. Ne4 Nh4 26. Qg4+ Ng6 27. Ng3
Ng7 28. Bxg7 1-0

[Event "DEM U16w 2011"]
[Site "Oberhof GER"]
[Date "2011.06.17"]
[Round "8"]
[White "Lange, Anika"]
[Black "Berger, Nadja"]
[Result "0-1"]
[Termination "normal"]
[Board "9"]
[WhiteElo "1637"]
[BlackElo "1730"]
[PlyCount "74"]
[WhiteFideId "24693405"]
[BlackFideId "24692212"]
[EventCountry "GER"]
[EventRounds "9"]
[EventType "swiss"]
[EventDate "2011.06.11"]

1. d4 e6 2. Nf3 c5 3. e3 b6 4. Bd3 Bb7 5. Nbd2 Nf6 6. O-O d6 7. b3 Nbd7 8. Bb2
Be7 9. c4 Qc7 10. Rc1 Rc8 11. a3 O-O 12. b4 Qb8 13. Qb3 Rfe8 14. Rfe1 Qa8 15.
h3 d5 16. Rc2 b5 17. dxc5 dxc4 18. Bxc4 bxc4 19. Qxc4 Red8 20. Rec1 a5 21. Qe2
Bd5 22. Bd4 Ne4 23. Nxe4 Bxe4 24. Rb2 e5 25. Bc3 axb4 26. axb4 Qc6 27. Bxe5
Bxf3 28. gxf3 Nxe5 29. Rd1 Nxf3+ 30. Kf1 Nh2+ 31. Kg1 Nf3+ 32. Kf1 Nd4 33. Qg4
Qh1+ 34. Qg1 Qxg1+ 35. Kxg1 Nf3+ 36. Kg2 Nh4+ 37. Kg3 Rxd1 0-1

[Event "DEM U16w 2011"]
[Site "Oberhof GER"]
[Date "2011.06.17"]
[Round "8"]
[White "Schäfer, Ann-Kathrin"]
[Black "Stolcz, Bianca"]
[Result "1-0"]
[Termination "normal"]
[Board "10"]
[WhiteElo "1623"]
[BlackElo "1632"]
[PlyCount "95"]
[WhiteFideId "24615412"]
[BlackFideId "24654914"]
[EventCountry "GER"]
[EventRounds "9"]
[EventType "swiss"]
[EventDate "2011.06.11"]

1. e4 Nc6 2. Nc3 f5 3. exf5 Nf6 4. Nf3 d5 5. d4 Bxf5 6. Bd3 Bg4 7. Be3 e5 8.
dxe5 Nxe5 9. Be2 Bxf3 10. Bxf3 Bb4 11. Bd4 Nxf3+ 12. Qxf3 Qe7+ 13. Qe2 Qxe2+
14. Kxe2 Bxc3 15. Bxc3 O-O 16. Rhe1 Ne4 17. Bd4 c5 18. Be3 d4 19. f3 dxe3 20.
fxe4 Rf2+ 21. Kxe3 Rxg2 22. Re2 Rxe2+ 23. Kxe2 Kf7 24. Rd1 Ke7 25. Rd5 b6 26.
Rh5 h6 27. Rd5 Rd8 28. Ke3 Rd6 29. Rxd6 Kxd6 30. Kf4 Ke6 31. h4 g5+ 32. hxg5
hxg5+ 33. Kxg5 Ke5 34. Kg6 Kxe4 35. Kf6 Kd5 36. Ke7 Kc6 37. c4 b5 38. cxb5+
Kxb5 39. Kd6 c4 40. Kd5 Kb4 41. a3+ Kb3 42. Kc5 a6 43. a4 a5 44. Kb5 Kxb2 45.
Kxc4 Kc2 46. Kb5 Kb3 47. Kxa5 Kc4 48. Kb6 1-0

[Event "DEM U16w 2011"]
[Site "Oberhof GER"]
[Date "2011.06.17"]
[Round "8"]
[White "Serif, Amelie"]
[Black "Rahimi, Rozafa"]
[Result "1-0"]
[Termination "normal"]
[Board "11"]
[WhiteElo "1475"]
[BlackElo "1530"]
[PlyCount "47"]
[BlackFideId "24692280"]
[EventCountry "GER"]
[EventRounds "9"]
[EventType "swiss"]
[EventDate "2011.06.11"]

1. Nc3 c5 2. e4 a6 3. a4 Nc6 4. Bc4 e6 5. f4 d6 6. d3 Nf6 7. Nf3 Be7 8. O-O O-O
9. Bd2 b6 10. Qe1 h6 11. Qg3 Nh7 12. f5 Ng5 13. fxe6 Bxe6 14. Bxe6 fxe6 15.
Nxg5 hxg5 16. Rxf8+ Kxf8 17. Qg4 Nd4 18. Rf1+ Kg8 19. Nd1 Nxc2 20. Qxe6+ Kh8
21. Rf3 g4 22. Rf5 Qe8 23. Qf7 Bf6 24. Rh5# 1-0

[Event "DEM U16w 2011"]
[Site "Oberhof GER"]
[Date "2011.06.17"]
[Round "8"]
[White "Tobianski, Karina"]
[Black "Kostré, Margarita"]
[Result "1/2-1/2"]
[Termination "normal"]
[Board "12"]
[WhiteElo "1262"]
[BlackElo "1821"]
[PlyCount "95"]
[WhiteFideId "12937746"]
[BlackFideId "4673344"]
[EventCountry "GER"]
[EventRounds "9"]
[EventType "swiss"]
[EventDate "2011.06.11"]

1. e4 e5 2. Nf3 Nc6 3. Bc4 Nf6 4. d3 Bc5 5. c3 d6 6. Nbd2 a6 7. Nf1 Ba7 8. Ng3
O-O 9. O-O h6 10. Be3 Ne7 11. Bxa7 Rxa7 12. Re1 c6 13. Bb3 Qc7 14. d4 Rd8 15.
Qe2 Ra8 16. Rad1 Bg4 17. h3 Bxf3 18. Qxf3 Ng6 19. Nf5 d5 20. exd5 e4 21. d6 Qd7
22. Rxe4 Nxe4 23. Qxe4 Re8 24. Qg4 Kf8 25. Nxh6 Qxg4 26. Nxg4 Rad8 27. d5 Rxd6
28. Ne3 cxd5 29. Bxd5 Red8 30. c4 Nf4 31. Kh2 b5 32. b3 g6 33. g3 Ne2 34. Rd2
Nc3 35. Kg2 Ke7 36. h4 Rc8 37. h5 Kf6 38. hxg6 fxg6 39. Ng4+ Kg7 40. Ne3 bxc4
41. bxc4 Rc5 42. f4 Ra5 43. f5 g5 44. Kf3 Rd8 45. g4 Nxa2 46. Rb2 Ra3 47. Rb6
Nc3 48. Rg6+ 1/2-1/2

[Event "DEM U16w 2011"]
[Site "Oberhof GER"]
[Date "2011.06.17"]
[Round "8"]
[White "Freis, Katrin"]
[Black "Wulf, Constanze"]
[Result "1/2-1/2"]
[Termination "normal"]
[Board "13"]
[WhiteElo "1379"]
[BlackElo "1296"]
[PlyCount "69"]
[WhiteFideId "24655783"]
[BlackFideId "24692379"]
[EventCountry "GER"]
[EventRounds "9"]
[EventType "swiss"]
[EventDate "2011.06.11"]

1. e4 c5 2. Nf3 e6 3. d4 cxd4 4. Nxd4 Nc6 5. Nc3 Qc7 6. Be3 a6 7. Be2 Nf6 8.
O-O Bb4 9. f3 Bxc3 10. bxc3 d5 11. exd5 Nxd5 12. Bd2 Qb6 13. Rb1 Qc5 14. Kh1
Nxc3 15. Bxc3 Qxc3 16. Nxc6 Qxc6 17. Bd3 O-O 18. Be4 Qc7 19. f4 Rb8 20. f5 Qc4
21. Qd3 Qxd3 22. Bxd3 exf5 23. Bxa6 b6 24. Bxc8 Rfxc8 25. Rb2 g6 26. h3 Rc6 27.
Rc1 Kf8 28. Kg1 Ke7 29. Kf2 Kd6 30. Ke3 Ke5 31. Rb5+ Kf6 32. h4 h6 33. g3 Ke7
34. h5 Ke6 35. hxg6 1/2-1/2

[Event "DEM U16w 2011"]
[Site "Oberhof GER"]
[Date "2011.06.18"]
[Round "9"]
[White "Klek, Hanna-Marie"]
[Black "Osmanodja, Filiz"]
[Result "1/2-1/2"]
[Termination "normal"]
[Board "1"]
[BlackTitle "FM"]
[WhiteElo "2147"]
[BlackElo "2027"]
[PlyCount "66"]
[WhiteFideId "24670057"]
[BlackFideId "24633569"]
[EventCountry "GER"]
[EventRounds "9"]
[EventType "swiss"]
[EventDate "2011.06.11"]

1. e4 c5 2. Nf3 d6 3. Bb5+ Bd7 4. Bxd7+ Qxd7 5. c4 e5 6. Nc3 Ne7 7. d3 g6 8.
Bg5 Bg7 9. Bxe7 Qxe7 10. Nd5 Qd7 11. a3 O-O 12. O-O Nc6 13. b4 f5 14. Rb1 f4
15. h3 h6 16. Qa4 Kh7 17. Qb3 b6 18. b5 Ne7 19. a4 Nxd5 20. cxd5 g5 21. Qd1 g4
22. hxg4 Qxg4 23. Nd2 f3 24. Nxf3 Bf6 25. Nh2 Qg6 26. Qg4 Qf7 27. Qf5+ Kh8 28.
Ng4 Qg7 29. Qh5 Bg5 30. g3 Kh7 31. Kg2 Rf7 32. f3 Raf8 33. Rf2 Qg6 1/2-1/2

[Event "DEM U16w 2011"]
[Site "Oberhof GER"]
[Date "2011.06.18"]
[Round "9"]
[White "Rethmann, Kristin"]
[Black "Tran, My Linh"]
[Result "0-1"]
[Termination "normal"]
[Board "2"]
[WhiteElo "1780"]
[BlackElo "1903"]
[PlyCount "66"]
[WhiteFideId "24655805"]
[BlackFideId "24682462"]
[EventCountry "GER"]
[EventRounds "9"]
[EventType "swiss"]
[EventDate "2011.06.11"]

1. d4 g6 2. Nf3 Bg7 3. c4 d6 4. g3 Nf6 5. Bg2 O-O 6. O-O Nbd7 7. Nc3 e5 8. b3
Re8 9. dxe5 dxe5 10. e4 c6 11. b4 a5 12. b5 Qc7 13. Bb2 Nc5 14. Qe2 a4 15. Ba3
Bf8 16. Bxc5 Bxc5 17. a3 Be6 18. Ng5 Bg4 19. Bf3 Bd7 20. Bg2 Bd4 21. bxc6 Bxc6
22. Rac1 h6 23. Nh3 Qe7 24. Nd5 Bxd5 25. cxd5 Rec8 26. Qd3 Rc5 27. Rc4 Rxc4 28.
Qxc4 Qxa3 29. Re1 Qc3 30. Qxc3 Bxc3 31. Re2 b5 32. f4 a3 33. Ra2 b4 0-1

[Event "DEM U16w 2011"]
[Site "Oberhof GER"]
[Date "2011.06.18"]
[Round "9"]
[White "Schmalhorst, Sophia"]
[Black "Düssler, Stefanie"]
[Result "1/2-1/2"]
[Termination "normal"]
[Board "3"]
[WhiteElo "1878"]
[BlackElo "1905"]
[PlyCount "110"]
[WhiteFideId "24682497"]
[BlackFideId "4634780"]
[EventCountry "GER"]
[EventRounds "9"]
[EventType "swiss"]
[EventDate "2011.06.11"]

1. e4 c5 2. Nf3 Nf6 3. Nc3 Nc6 4. d4 d5 5. exd5 Nxd5 6. Nxd5 Qxd5 7. Be3 cxd4
8. Nxd4 a6 9. Nb3 Nb4 10. Qxd5 Nxd5 11. Bd2 e5 12. c3 Be7 13. Be2 Be6 14. O-O
O-O 15. Bf3 Rac8 16. Rfe1 f6 17. Nd4 Bf7 18. Nf5 Rfe8 19. Nxe7+ Rxe7 20. g3 Nc7
21. Bg2 Bd5 22. Bxd5+ Nxd5 23. Rad1 Kf7 24. Bc1 Nb6 25. Rd3 Rcc7 26. Kg2 Rcd7
27. Red1 Rxd3 28. Rxd3 Rd7 29. Rxd7+ Nxd7 30. Kf3 Ke6 31. c4 Nc5 32. Ke3 f5 33.
b3 g5 34. Ba3 Nd7 35. f3 Nf6 36. Bc1 f4+ 37. Kf2 h5 38. gxf4 gxf4 39. b4 Kf5
40. a4 e4 41. fxe4+ Kxe4 42. h3 Nd7 43. c5 Ne5 44. Bd2 Nd3+ 45. Ke2 Nb2 46. b5
f3+ 47. Kf1 Nc4 48. Bc1 axb5 49. axb5 Kd5 50. c6 bxc6 51. bxc6 Kxc6 52. Kf2 Ne5
53. Bf4 Kd5 54. Bxe5 Kxe5 55. Kxf3 Kf5 1/2-1/2

[Event "DEM U16w 2011"]
[Site "Oberhof GER"]
[Date "2011.06.18"]
[Round "9"]
[White "Spiegelberg, Silvia"]
[Black "Schätz, Bianca"]
[Result "0-1"]
[Termination "normal"]
[Board "4"]
[WhiteElo "1799"]
[BlackElo "1802"]
[PlyCount "92"]
[WhiteFideId "24654450"]
[BlackFideId "24655821"]
[EventCountry "GER"]
[EventRounds "9"]
[EventType "swiss"]
[EventDate "2011.06.11"]

1. e4 c5 2. Nf3 Nc6 3. d4 cxd4 4. Nxd4 g6 5. Nc3 Bg7 6. Be3 Nf6 7. Bc4 Qa5 8.
O-O O-O 9. Bb3 d6 10. h3 Bd7 11. Re1 Rfe8 12. Qe2 Rac8 13. Rad1 a6 14. Nf3 b5
15. Ng5 Ne5 16. Nd5 Nxd5 17. Bxd5 Bc6 18. Bb3 Bb7 19. Bd4 Nc4 20. c3 h6 21. Nf3
Qc7 22. Rd3 Na5 23. Bc2 Bxd4 24. Nxd4 Nc6 25. Nxc6 Bxc6 26. Rg3 e5 27. Qd2 Kg7
28. Rd3 Rcd8 29. Bb3 Re7 30. Kh1 Red7 31. f4 Qb7 32. Bd5 Bxd5 33. Rxd5 exf4 34.
Qxf4 Re7 35. Rxd6 Rxd6 36. Qxd6 Rxe4 37. Rxe4 Qxe4 38. Qd4+ Qxd4 39. cxd4 Kf6
40. Kg1 Kf5 41. Kf2 Ke4 42. Ke2 Kxd4 43. g3 f5 44. h4 Ke4 45. b3 b4 46. Kf2 Kd3
0-1

[Event "DEM U16w 2011"]
[Site "Oberhof GER"]
[Date "2011.06.18"]
[Round "9"]
[White "Berger, Nadja"]
[Black "Polert, Annika"]
[Result "1/2-1/2"]
[Termination "normal"]
[Board "6"]
[WhiteElo "1730"]
[BlackElo "1718"]
[PlyCount "91"]
[WhiteFideId "24692212"]
[BlackFideId "24692328"]
[EventCountry "GER"]
[EventRounds "9"]
[EventType "swiss"]
[EventDate "2011.06.11"]

1. e3 g6 2. Nf3 Bg7 3. c4 c5 4. d3 Nc6 5. g3 d6 6. Bg2 Rb8 7. Nc3 Bd7 8. a3 a6
9. O-O Qc8 10. Re1 Nf6 11. Rb1 O-O 12. b4 cxb4 13. axb4 b5 14. Ba3 Ng4 15. Nd5
e6 16. Nf4 bxc4 17. dxc4 Bc3 18. Rf1 Bxb4 19. Bxb4 Rxb4 20. Rxb4 Nxb4 21. Qxd6
Nc6 22. Ra1 Rd8 23. h3 Nf6 24. Ne5 Ne8 25. Qc5 Nxe5 26. Qxe5 Bc6 27. Qa5 Bxg2
28. Nxg2 Rd6 29. c5 Rc6 30. Nf4 Qd7 31. Qa4 Nf6 32. Nd3 Qc8 33. Nb4 Rxc5 34.
Qxa6 Rc1+ 35. Kg2 Qxa6 36. Rxa6 Rb1 37. Nd3 Rb7 38. Ne5 Kg7 39. Kf3 Rb5 40. Nd3
Rd5 41. Nf4 Rd7 42. Ra5 h6 43. Ne2 Nd5 44. Nd4 Ne7 45. Rb5 g5 46. Ra5 1/2-1/2

[Event "DEM U16w 2011"]
[Site "Oberhof GER"]
[Date "2011.06.18"]
[Round "9"]
[White "Müller, Alexandra"]
[Black "Kühnel, Lena"]
[Result "0-1"]
[Termination "normal"]
[Board "7"]
[WhiteElo "1696"]
[BlackElo "1893"]
[PlyCount "46"]
[WhiteFideId "24691496"]
[BlackFideId "24640956"]
[EventCountry "GER"]
[EventRounds "9"]
[EventType "swiss"]
[EventDate "2011.06.11"]

1. e4 c5 2. Nf3 e6 3. d4 cxd4 4. Nxd4 a6 5. Nc3 Qc7 6. Bd3 Nc6 7. Be3 Nf6 8.
O-O Nxd4 9. Bxd4 Bc5 10. Bxc5 Qxc5 11. Qe2 d6 12. Rae1 e5 13. Qe3 Qxe3 14. Rxe3
Be6 15. a4 Rc8 16. f3 Ke7 17. Rd1 Rc6 18. Rd2 Rhc8 19. Rde2 Rb6 20. a5 Rxb2 21.
Nd5+ Bxd5 22. exd5 Rc3 23. Kf2 h6 0-1